| 000 | 00535nam a22001577a 4500 | ||
|---|---|---|---|
| 003 | macl | ||
| 005 | 20190117131314.0 | ||
| 008 | 190117b xxu||||| |||| 00| 0 eng d | ||
| 040 | _cmacl | ||
| 082 | _a910 | ||
| 100 |
_aशर्मा ,गंगा प्रसाद _973669 |
||
| 245 | _aभारत के प्रसिद्ध पर्यटन -स्थल | ||
| 260 |
_aदिल्ली _bआत्माराम एण्ड संस _c2016 |
||
| 650 |
_aयात्रा _973670 |
||
| 942 |
_2ddc _cHIN |
||
| 999 |
_c58902 _d58902 |
||